000 01671nac a22002531u 4500
090 _c2035
008 081028t2007 xxu||||| |||| 00| 0 eng d
010 _a 2006924110
020 _a0495092231 (hbk.) - 0495093629
035 _a(OCoLC)ocm70688697
082 _a001.4 219
_bM6921
100 _aMitchell, Mark L.
245 1 0 _aResearch design explained /
_cMark L. Mitchell, Janina M. Jolley.
250 _a6th ed.
260 _aBelmont, CA :
_bThomson Wadsworth,2007
_c2007.
300 _axxiv, 611 p. :
_bill. (some col.) ;
_c24 cm.
504 _aIncludes bibliographical references (p. 600-606) and index.
505 0 _aScience, psychology, and you -- Ethics and validity -- Generating and refining research hypotheses -- Reading and evaluating research -- Measuring and manipulating variables : reliability and validity -- Beyond reliability and validity : the best measure for your study -- Introduction to descriptive methods and correlational research -- Survey research -- Internal validity -- The simple experiment -- Expanding the simple experiment : the multiple-group experiment -- Expanding the experiment : factorial designs -- Matched pairs, within-subjects, and mixed designs -- Single-n designs and quasi-experiments -- Putting it all together : writing research proposals and reports.
650 0 _aPsychology
_xResearch
_xMethodology.
650 0 _aPsychology, Experimental
_xResearch
_xMethodology.
700 1 _aJolley, Janina M.
942 _cBB
_k001.4 219M6921
_2ddc
999 _c2035
_d2035